| 000 | 00469nam a2200169Ia 4500 | ||
|---|---|---|---|
| 005 | 20260429111941.0 | ||
| 008 | 260429s9999||||xx |||||||||||||| ||und|| | ||
| 020 | _a9789348011190 | ||
| 041 | _aEnglish | ||
| 082 |
_a660.6 _bSIN |
||
| 100 | _aSingh, Bibhuti Dutta | ||
| 245 | 0 |
_aBiotechnology and sustainable development / _cBibhuti Dutta Singh |
|
| 260 |
_aNew Delhi : _bAsia Publishers, _c2025. |
||
| 300 | _ax, 304 p.; hb | ||
| 650 | _aBiotechnolgy | ||
| 942 | _cTB | ||
| 999 |
_c51577 _d51577 |
||